Central Library OPAC University of Rajshahi

The flowering process./ (Record no. 74723)

MARC details
000 -LEADER
fixed length control field 01002cam a22003011 4500
001 - CONTROL NUMBER
control field 74723
003 - CONTROL NUMBER IDENTIFIER
rucl marc code BD-RjUL
005 - DATE AND TIME OF LATEST TRANSACTION
control field 20211209082607.0
008 - FIXED-LENGTH DATA ELEMENTS--GENERAL INFORMATION
fixed length control field 730213s1963 enka b 000 0 eng
035 ## - SYSTEM CONTROL NUMBER
System control number (BD-RjUL)
System control number (OCoLC)558141
040 ## - CATALOGING SOURCE
Original cataloging agency DLC
Transcribing agency ODaWU
Modifying agency OCoLC
-- Uk
-- DLC
Language of cataloging eng
041 ## - LANGUAGE CODE
Language code of text/sound track or separate title eng
042 ## - AUTHENTICATION CODE
Authentication code premarc
082 ## - DEWEY DECIMAL CLASSIFICATION NUMBER
Edition number 23
Classification number 580
Author mark and year SA F 1963
100 1# - MAIN ENTRY--PERSONAL NAME
Personal name Salisbury, Frank B.
9 (RLIN) 225265
245 14 - TITLE STATEMENT
Title The flowering process./
Statement of responsibility, etc. Christy Borth
260 ## - PUBLICATION, DISTRIBUTION, ETC. (IMPRINT)
Place of publication, distribution, etc. Oxford,
-- New York,
Name of publisher, distributor, etc. Pergamon Press; [distributed in the Western Hemisphere by Macmillan, New York]
Date of publication, distribution, etc. 1963.
300 ## - PHYSICAL DESCRIPTION
Pagination xii, 234 p.
Illustrations illus.
Size 23 cm.
504 ## - BIBLIOGRAPHY, ETC. NOTE
Bibliography, etc Bibliography: p. 219-223.
650 #0 - SUBJECT ADDED ENTRY--TOPICAL TERM
Topical term or geographic name as entry element Plants, Flowering of.
9 (RLIN) 225267
906 ## - LOCAL DATA ELEMENT F, LDF (RLIN)
a 7
b cbc
c oclcrpl
d u
e ncip
f 19
g y-gencatlg
942 ## - ADDED ENTRY ELEMENTS (KOHA)
Source of classification or shelving scheme Dewey Decimal Classification
Koha item type Books
Holdings
Lost status Source of classification or shelving scheme Damaged status Not for loan Collection code Permanent Location Current Location Shelving location Date acquired Source of acquisition Cost, normal purchase price Total Checkouts Full call number Date last seen Copy number Koha item type
  Dewey Decimal Classification     Non-fiction Central Library, University of Rajshahi Central Library, University of Rajshahi Reading Room 01/12/1965 Zeitlinger 50.00   580 SAF 1963 26/11/2018 C-1 Books